| 000 | 00383nam a22001457a 4500 | ||
|---|---|---|---|
| 005 | 20250903144809.0 | ||
| 008 | 220715b |||||||| |||| 00| 0 eng d | ||
| 020 | _a978-93-87973-79-4 | ||
| 040 | _cDDC | ||
| 082 |
_a631.410 _bHIT |
||
| 100 | _dHITENDRA KUMAR RAI, A K UPADHYAY | ||
| 245 | _aSOIL PHYSICAL ANALYSIS | ||
| 260 |
_aNEWDELHI _bNEW INDIA PUBLICATIONS |
||
| 942 |
_2ddc _cBK |
||
| 999 |
_c370742 _d370742 |
||